| 000 | 00600nam a22001937a 4500 | ||
|---|---|---|---|
| 999 |
_c169601 _d169601 |
||
| 003 | dpl | ||
| 005 | 20191126133430.0 | ||
| 008 | 191126b ||||| |||| 00| 0 eng d | ||
| 010 | _aA-935878 | ||
| 035 | _aA-935878 | ||
| 040 | _c0 | ||
| 100 | _aChaturvedi,B.K. | ||
| 245 |
_aMother Teresa _bMessiah Of The Poor _cB.K. Chaturvedi _hEnglish |
||
| 250 | _aAugust 1998 | ||
| 260 |
_aNew Delhi _bDiamond Pocket Books X-30, Okhla Industrial Area, Phase-2 , New Delhi-110020 |
||
| 300 |
_a112p. _bill. _c15cms _g15cms |
||
| 500 | _aContents | ||
| 942 |
_2ddc _cEN _h921 _iTER _k921 _mTER |
||